Responses for show #3909 - Thursday, September 6, 2001

Contestants

[<< previous game]

Christen O'Connor, a mother of three from Acton, Massachusetts

Joe Zito, a medical student from New Orleans, Louisiana

Ramsey Campbell, a writer from Newport Beach, California (whose 1-day cash winnings total $20,000)

[next game >>]

Jeopardy! Round responses

AS QUOTED IN NEWSWEEK
ROLE REVERSAL
(Alex: We want you to name the actual film whose roles we have reversed in our clue.)
U.S. MONEY
PEOPLE FROM PLACES
THIS LOOKS LIKE A GOOD SPOT
PULL "OVER"
    $100 7
Monica Lewinsky

Ramsey
    $100 1
The Wizard of Oz

Joe
    $100 2
the penny

Christen
    $100 24
Armenian

Christen
    $100 17
snake eyes

Ramsey
    $100 9
over easy

Joe
    $200 8
Keanu Reeves

Joe
    $200 3
Rocky

Christen
    $200 22
Susan B. Anthony

Christen
    $200 27
French Lick

Ramsey
    $200 18
a leopard

Ramsey
    $200 10
overcast

Christen
    $300 14
Ken Starr

Christen
    $300 4
Hannibal

Christen
    $300 23
Robert F. Kennedy

Christen
    $300 28
(Ramsey: What is Hispanic?)

Chicano

RamseyJoe
    $300 19
black-eyed pea

Joe
    $300 11
overalls

Ramsey
    $400 15
Hillary Clinton

Christen
    $400 5
Die Hard

Christen
    $400 25
Hawaii

Ramsey
    $400 29
Ich bin ein Vienner

Ramsey
    $400 20
Jupiter

Christen
    $400 12
overdrive

Joe
    $500 16
Adam West

Ramsey
    $500 6
Risky Business

Ramsey
    $2,600 26
(Alex: Hamilton and Franklin. Correct!)

the $10 bill & the $100 bill

Ramsey
    $500 30
New Castle

Ramsey
    $500 21
Rocky Mountain spotted fever

Joe
    $500 13
Overlord

Ramsey

Scores at the first commercial break (after clue 16):

Ramsey Joe Christen
$1,900 $800 $1,900

Scores at the end of the Jeopardy! Round:

Ramsey Joe Christen
$6,000 $1,900 $2,900

Double Jeopardy! Round responses

OHIO
THE LAST AMERICAN TO WIN THE GOLD
UP & ATOM
MAD, I TELL YOU!
GET MEDIEVAL
ANAGRAMMED BROADWAY MUSICALS
    $200 29
Columbus

Ramsey
    $200 20
Greg Louganis

Ramsey
    $200 30
electrons

Christen
    $200 15
Bananas

Christen
    $200 10
(Joe: What is the Aegean Sea?)

the Mediterranean

RamseyJoe
    $200 9
Oklahoma!

Ramsey
    $400 28
baskets (picnic baskets accepted)

Ramsey
    $400 21
Mary Lou Retton

Christen
    $400 1
(Ramsey: Who is Truman?)
(Joe: Who is Hoover?)

Eisenhower

RamseyJoe
Triple Stumper
    $400 16
nuts

Ramsey
    $400 11
faith

Ramsey
    $400 5
A Chorus Line

Joe
    $3,800 27
(Ramsey: What's Louisiana Territory?)

the Northwest Territory

Ramsey
    $600 22
Carl Lewis

Ramsey
    $600 2
the half-life

Ramsey
    $4,000 17
Psycho

Ramsey
    $600 12
Byzantium (or Constantinople)

Ramsey
    $600 6
Fiddler on the Roof

Joe
    $800 25
Marietta

Triple Stumper
    $800 23
(Joe: Who is Gail Devers?)

Marion Jones

RamseyJoe
    $800 3
absolute zero

Ramsey
    $800 18
Looney Tunes

Ramsey
    $800 13
peasants

Triple Stumper
    $800 7
Guys and Dolls

Christen
    $1000 26
(Christen: Who is Bess Truman?)
...
(Alex: The president we most closely associate with Canton was President McKinley, hence [*].)

Mrs. McKinley

Christen
Triple Stumper
    $1000 24
Frank Shorter

Triple Stumper
    $1000 4
Niels Bohr

Joe
    $1000 19
the Maniacs

Ramsey
    $1000 14
Maimonides

Triple Stumper
    $1000 8
Sunday in the Park with George

Triple Stumper

Scores at the end of the Double Jeopardy! Round:

Ramsey Joe Christen
$13,000 $2,500 $3,500
(lock game)

[wagering suggestions for these scores]

Final Jeopardy! Round responses

HISTORIC NAMES
(Alex: Looks like a 19th century photo, so that may have helped you.)
...
(Alex: No, that picture is of the former president of the Confederacy, [*]. He lost his citizenship after the Civil War.)
JoeWho is Zenger?
$1,500
ChristenWho is Hale?
$1,501
RamseyWho was Aaron Burr?
$2,000
Jefferson Davis

Final scores:

Ramsey Joe Christen
$11,000 $1,000 $1,999
2-day champion: $31,000 3rd place: Vocopro Karaoke System 2nd place: Trip to Montego Bay, Jamaica

Game dynamics:

Coryat scores:

Ramsey Joe Christen
$11,300 $2,500 $3,500
27 R
(including 2 DDs),
3 W
(including 1 DD)
10 R,
3 W
15 R,
1 W

Combined Coryat: $17,300

The J! Archive is created by fans, for fans. The Jeopardy! game show and all elements thereof, including but not limited to copyright and trademark thereto, are the property of Jeopardy Productions, Inc. and are protected under law. This website is not affiliated with, sponsored by, or operated by Jeopardy Productions, Inc. Join the discussion at JBoard.tv.